AIMS International Journal of Management (Record no. 60703)

MARC details
000 -LEADER
fixed length control field 00364nam a2200145Ia 4500
008 - FIXED-LENGTH DATA ELEMENTS--GENERAL INFORMATION
fixed length control field 221007s9999 xx 000 0 und d
041 ## - LANGUAGE CODE
Language code of text/sound track or separate title eng
082 ## - DEWEY DECIMAL CLASSIFICATION NUMBER
Classification number 658
100 ## - MAIN ENTRY--PERSONAL NAME
Personal name AIMAS
9 (RLIN) 96338
245 ## - TITLE STATEMENT
Title AIMS International Journal of Management
260 ## - PUBLICATION, DISTRIBUTION, ETC. (IMPRINT)
Date of publication, distribution, etc. 2008
Name of publisher, distributor, etc. AIMS International
Place of publication, distribution, etc. New Delhi
500 ## - GENERAL NOTE
Keywords Management
650 ## - SUBJECT ADDED ENTRY--TOPICAL TERM
Topical term or geographic name as entry element Management
906 ## - LOCAL DATA ELEMENT F, LDF (RLIN)
b General
Holdings
Withdrawn status Lost status Damaged status Not for loan Home library Current library Date acquired Vendor Total Checkouts Full call number Barcode Date last seen Bill Date Koha item type Original Barcode
        Smt. Hiraben Nanavati Institute of Management & Research for Women Smt. Hiraben Nanavati Institute of Management & Research for Women 08/08/2008 Satya Gilani   658 HIMR-AV-893 07/10/2022 08/08/2008 Video Casset AV0893
        Smt. Hiraben Nanavati Institute of Management & Research for Women Smt. Hiraben Nanavati Institute of Management & Research for Women 19/09/2008 Satya Gilani     HIMR-AV-906 07/10/2022 19/09/2008 Video Casset AV0906
        Smt. Hiraben Nanavati Institute of Management & Research for Women Smt. Hiraben Nanavati Institute of Management & Research for Women 19/01/2009 Satya Gilani   658 GUP HIMR-AV-919 07/10/2022 19/01/2009 Video Casset AV0919
        Smt. Hiraben Nanavati Institute of Management & Research for Women Smt. Hiraben Nanavati Institute of Management & Research for Women 03/02/2009 Satya Gilani   658 GUP HIMR-AV-920 07/10/2022 03/02/2009 Video Casset AV0920